000 00404nam a22001697a 4500
003 OSt
005 20220207161436.0
008 220207b |||||||| |||| 00| 0 eng d
020 _a0-683-02152-4
040 _aDDC
_cHU
082 _25TH
_a617.564
_b5
100 _aJAMES M.COX
_929853
245 _aLOW BACK PAIN
250 _a5TH
260 _aTOKYO
_bWILLIAMS AND WILKINS
_c1990
942 _2ddc
_cBOOKS
_n0
999 _c29438
_d29438